| 000 | 00468cam a22001457a 4500 | ||
|---|---|---|---|
| 008 | 180718b1965 xxu||||| |||| 00| 0 eng d | ||
| 082 | _aK12x54 M692 | ||
| 100 | _aMital, J.P. | ||
| 245 |
_aRelationship between the generalists and apecialists in some key departments _cby J.P. Mital |
||
| 260 |
_aLucknow _bUniv. of Lucknow _c1965 |
||
| 300 | _a9-21p. | ||
| 500 | _aText of lecture delivered on Nov.29, 1965 | ||
| 650 | _aGeneralists | ||
| 650 | _aCivil Service - India | ||
| 999 |
_c480609 _d480609 |
||